The world's great lakes.

Bibliographic Details
Main Author: Lane, Ferdinand C. (Ferdinand Cole), 1885-
Format: Book
Language:English
Published: Garden City, N.Y. : Doubleday, 1948.
Edition:[1st ed.].
Subjects:

MARC

Tag First Indicator Second Indicator Subfields
LEADER 00000cam a2200000 4500
001 in00000041705
005 20151007074714.0
008 701120s1948 nyub 00000 eng
010 |a  48005142  
035 |a (OCoLC)00722202 
035 |9 AAF1958AM 
040 |a DLC  |c DLC  |d TXA  |d UtOrBLW 
049 |a TXAM  |c [153397] 
050 0 |a GB1601  |b .L3 
082 0 |a 551.48 
092 |a 551.48  |b L265w 
100 1 |a Lane, Ferdinand C.  |q (Ferdinand Cole),  |d 1885- 
245 1 4 |a The world's great lakes. 
250 |a [1st ed.]. 
264 1 |a Garden City, N.Y. :  |b Doubleday,  |c 1948. 
300 |a xvi, 254 pages :  |b maps. ;  |c 23 cm. 
336 |a text  |b txt  |2 rdacontent 
337 |a unmediated  |b n  |2 rdamedia 
338 |a volume  |b nc  |2 rdacarrier 
650 0 |a Lakes. 
999 |a MARS 
999 f f |s 4c0c8540-134e-3f89-abbe-ffc938904d99  |i 09b62b61-143f-3ea5-86f3-b135d14defc3  |t 0 
952 f f |p ric  |a Texas A&M University  |b Rellis Campus  |c Joint Library Facility  |d Remote Storage  |t 0  |e GB1601 .L3  |h Library of Congress classification  |i unmediated -- volume  |m A14800952830 
998 f f |a GB1601 .L3  |t 0  |l Remote Storage